000 00488nam a22001697a 4500
999 _c62265
_d62265
005 20240909121500.0
008 240909c2012 enk||||| |||| 00| 0 eng d
022 _a0017 8322.
041 _aeng
245 _aHastings Law Journal :
_b2012 /
_cEditor J. L. Grantz.
260 _aCalifornia,
_c2012.
300 _aV.
653 _aსამართალი
653 _aპერიოდიკა
700 _aGrantz, J. L.
_eრედაქტორი
_923184
942 _2udc
_cCR